Top 5 Figure Skating Films (IMDB) - Statistics

General Stats
  • This quiz has been taken 56 times
    16 since last reset
  • The average score is 1 of 6
Answer Stats
Film Year IMDB % Correct
I, Tonya 2017 7.5
93%
The Cutting Edge 1992 6.9
33%
My Sunshine 2024 7.0
7%
Girl Picture 2022 6.9
0%
Sun Valley Serenade 1941 7.1
0%
The Silver Skates 2020 7.1
0%
No matching quizzes found
Score Distribution
Percent of People with Each Score
Percentile by Number Answered
Your Score History
You have not taken this quiz since the last reset